| 000 | 00735nam a2200205 i 4500 | ||
|---|---|---|---|
| 001 | 49387 | ||
| 003 | ES-MaACL | ||
| 005 | 20230906161937.0 | ||
| 007 | t| | ||
| 008 | 030715s1908 sp |||| | spa d | ||
| 100 | 1 |
_aCortón, Antonio. _940957 |
|
| 245 | 1 | 3 |
_aEl fantasma del separatismo _b: (escenas de la vida barcelonesa) / _cAntonio Cortón. |
| 260 |
_aValencia : _bF. Sempere y Compañía, _c[1908] |
||
| 300 |
_a253 p. ; _c19 cm. |
||
| 530 | _aDisponible en formato digital. | ||
| 650 | 4 |
_aNacionalismo- _xCataluña. _915442 |
|
| 651 | 4 |
_aBarcelona- _xUsos y costumbres. _9154369 |
|
| 852 |
_aES-MaACL _jD-3531 |
||
| 856 |
_uhttps://bvpb.mcu.es/es/consulta/registro.do?id=577792 _zBiblioteca Virtual del Patrimonio Bibliográfico |
||
| 999 |
_c49387 _d49387 |
||